Análisis de viabilidad técnica y económica para el reemplazo del tramo de línea aérea de transmisión caja- belén 230 KV por una sección de línea subterránea
Guardat en:
| Autor principal: | |
|---|---|
| Altres autors: | , , , |
| Format: | Llibre |
| Idioma: | Spanish |
| Publicat: |
[San José, Costa Rica]
2014
|
| Matèries: | |
| Etiquetes: |
Afegir etiqueta
Sense etiquetes, Sigues el primer a etiquetar aquest registre!
|
MARC
| LEADER | 00000nam a22000007a 4500 | ||
|---|---|---|---|
| 003 | 012148 | ||
| 005 | 20230825102408.0 | ||
| 008 | 150708b2014 cr a|||| |||| 00| ||spa d | ||
| 040 | |c cru CEDI | ||
| 090 | |a TFG 7313 | ||
| 100 | |9 1210 |a Araya Harley, Ismael, 1988- | ||
| 245 | |a Análisis de viabilidad técnica y económica para el reemplazo del tramo de línea aérea de transmisión caja- belén 230 KV por una sección de línea subterránea | ||
| 260 | |a [San José, Costa Rica] |c 2014 | ||
| 300 | |a xix, 248 páginas : ilustraciones | ||
| 500 | |a Tesis (licenciatura en ingeniería eléctrica)--Universidad de Costa Rica. Facultad de Ingeniería. Escuela de Ingeniería Eléctrica, | ||
| 501 | |a Director de Tesis de Graduación: Ing. Juan Ramón Rodríguez Solera | ||
| 650 | |x LINEAS ELECTRICAS SUBTERRANEAS |x LINEAS ELECTRICAS SUBTERRANEAS - COSTO-EFECTIVIDAD |x CAMPOS ELECTROMAGNETICOS |9 802 | ||
| 700 | |9 1212 |a Arguello Arias, Adriana, 1989- | ||
| 700 | |9 1213 |a Balmaceda Meza, Sebastián, 1987- | ||
| 700 | |9 1214 |a Coto Zyzak, Renato, 1986- | ||
| 700 | |9 681 |a Rodríguez Solera, Juan Ramón, 1961- |d Director del TFG | ||
| 942 | |c CEDI | ||
| 999 | |c 13853 |d 13853 | ||
